Nimeä kaupunki valtatien varrelta - Statistics

Yleistilastot
  • Tätä visaa on pelattu 87 kertaa
  • Keskiarvotulos 12 / 28
Vastaukset kartalla
Vastauksille on annettu kartalla punavihreä väri sen mukaan, kuinka moni on saanut sen oikein.
 
Vastaustilastot
Tie Vastaus % Oikein
1 Helsinki | Espoo | Kauniainen | |Lohja |Salo | Paimio | Kaarina | Turku
98%
3 Helsinki | Vantaa | Hyvinkää | Riihimäki | Hämeenlinna | Valkeakoski |Akaa | Tampere | Nokia | Ylöjärvi | Ikaalinen | Parkano | Kurikka | Vaasa
80%
4 Helsinki | Vantaa | Kerava | Järvenpää | Orimattila | Lahti | Heinola |Jyväskylä | Äänekoski | Viitasaari | Pyhäjärvi | Oulu | Kemi | Rovaniemi
79%
2 Karkkila | Lohja | Somero | Forssa | Loimaa | Huittinen | Kokemäki | Harjavalta | Ulvila | Pori
79%
5 Heinola | Mikkeli | Varkaus | Kuopio | Iisalmi | Kajaani | Kuusamo | Kemijärvi
73%
6 Loviisa | Kouvola | Lappeenranta | Imatra | Kitee | Joensuu | Nurmes |Kajaani
67%
7 Helsinki | Vantaa | Porvoo | Loviisa | Kotka | Hamina
64%
8 Turku | Raisio | Laitila | Rauma | Pori | Kristiinankaupunki | Närpiö |Vaasa | Uusikaarlepyy | Kokkola | Kalajoki | Raahe
64%
9 Turku | Lieto | Loimaa | Akaa | Valkeakoski | Tampere | Kangasala |Orivesi | Jämsä | Jyväskylä | Pieksämäki | Kuopio | Outokumpu | Joensuu
61%
10 Turku | Kaarina | Lieto | Somero | Forssa | Hämeenlinna
52%
12 Rauma | Kokemäki | Huittinen | Sastamala | Nokia | Tampere | Kangasala| Hämeenlinna | Lahti | Orimattila | Kouvola
45%
13 Kokkola | Saarijärvi | Äänekoski | Jyväskylä | Mikkeli | Lappeenranta
44%
15 Kotka | Hamina | Kouvola | Mikkeli
36%
11 Nokia | Sastamala | Kokemäki | Ulvila | Pori
36%
22 Oulu | Kajaani
33%
20 Oulu | Pudasjärvi | Kuusamo
33%
18 Jyväskylä | Keuruu | Ähtäri | Alavus | Seinäjoki | Vaasa
30%
14 Savonlinna
30%
25 Hanko | Raasepori | Lohja | Hyvinkää
29%
23 Pori | Kankaanpää | Parkano | Ikaalinen | Virrat | Keuruu | Jyväskylä | Pieksämäki | Varkaus | Joensuu
29%
24 Lahti | Jämsä
27%
16 Seinäjoki | Lapua | Kyyjärvi
27%
19 Kurikka | Seinäjoki | Lapua | Kauhava | Uusikaarlepyy
24%
21 Tornio
24%
26 Hamina | Kouvola
23%
28 Kokkola | Kannus | Nivala | Haapavesi | Kajaani
20%
27 Kalajoki | Ylivieska | Nivala | Haapajärvi | Pyhäjärvi | Kiuruvesi | Iisalmi
18%
29 Tornio
18%
Ehtoja vastaavia visoja ei löytynyt
Tulosjakauma
Jokaisen tuloksen saaneiden osuus
Persentiili vastausten määrän mukaan
Tuloshistoriasi
Et ole pelannut tätä visaa